00679 2200205 4500001002100000005001500021035002000036008004100056082001600097100002100113245006500134260003800199300002000237520013700257084002200394650001200416650001600428650001300444990001600457INLIS00000000000039520260425035731 a0010-0521000395260425 g 0 dut  a908(912.21)0 aWAWO-RUNTU, A.L.1 aDe Minahasa en het Minahasavolk 1679-1917 /cA.L. Wawo-Runtu aAmsterdam :bJ.H. de Bussy,c1918 a15 p. ;c25 cm. aBuku ini berisi sekilas mengenai sejarah masyarakat Minahasa di Menado dari tahun 1679 hingga 1917 serta hubungannya dengan Belanda. a908(912.21) WAW m 4aHISTORY 4aETHNOGRAPHY 4aMINAHASA a00000003803